[Event "RUS-chT 9th"]
[Site "Ekaterinburg"]
[Date "2002.05.17"]
[Round "1"]
[White "Belozerov, Andrei"]
[Black "Yandemirov, Valeri"]
[Result "1/2-1/2"]
[WhiteElo "2541"]
[BlackElo "2505"]
[PlyCount "27"]
[EventDate "2002.05.17"]

1. e4 e5 2. Nf3 Nc6 3. Bb5 a6 4. Bxc6 dxc6 5. Nc3 f6 6. d4 exd4 7. Nxd4 c5 8.
Nde2 Qxd1+ 9. Nxd1 Be6 10. Bf4 O-O-O 11. Ne3 Ne7 12. Rd1 Rxd1+ 13. Kxd1 g5 14.
Bg3 1/2-1/2

[Event "RUS-chT 9th"]
[Site "Ekaterinburg"]
[Date "2002.05.17"]
[Round "1"]
[White "Beshukov, Sergei"]
[Black "Anisimov, Pavel"]
[Result "0-1"]
[WhiteElo "2482"]
[BlackElo "2424"]
[PlyCount "76"]
[EventDate "2002.05.17"]

1. e4 c5 2. Nf3 Nc6 3. d4 cxd4 4. Nxd4 Nf6 5. Nc3 d6 6. f3 Qb6 7. Nb3 e6 8. Qe2
a6 9. Be3 Qc7 10. O-O-O b5 11. g4 Bb7 12. Qf2 Nd7 13. Kb1 Rc8 14. Bd3 Nce5 15.
Rhe1 Be7 16. Nd4 O-O 17. g5 b4 18. Nce2 d5 19. Rg1 Nc5 20. Ng3 Nexd3 21. cxd3
e5 22. Ndf5 d4 23. Bc1 b3 24. a3 Na4 25. Nxe7+ Qxe7 26. Nh5 Rc2 27. Rd2 Rfc8
28. f4 Qc7 29. Rxc2 Qxc2+ 30. Qxc2 Rxc2 31. fxe5 Rxh2 32. Nf4 Nc5 33. Rd1 Bc8
34. Rd2 Rh1 35. Ne2 a5 36. Ng3 Rg1 37. Ne2 Re1 38. Ng3 Ba6 0-1

[Event "RUS-chT 9th"]
[Site "Ekaterinburg"]
[Date "2002.05.17"]
[Round "1"]
[White "Diu, Viacheslav"]
[Black "Sveshnikov, Evgeny"]
[Result "0-1"]
[WhiteElo "2412"]
[BlackElo "2556"]
[PlyCount "58"]
[EventDate "2002.05.17"]

1. d4 d5 2. c4 e6 3. Nc3 c6 4. Nf3 dxc4 5. a4 Bb4 6. e4 Nf6 7. e5 Nd5 8. Bd2 b5
9. axb5 Bxc3 10. bxc3 cxb5 11. Qb1 a6 12. Be2 Nc6 13. O-O Ra7 14. Qe4 Nce7 15.
Bd1 Ng6 16. Bc2 O-O 17. h4 f5 18. exf6 Nxf6 19. Qe2 Qe8 20. g3 Bb7 21. Ng5 Bd5
22. Rfe1 a5 23. f4 Ra6 24. Nxh7 Nxh7 25. Qh5 e5 26. dxe5 Qd7 27. e6 Rxe6 28.
Rxe6 Qxe6 29. Qxg6 Nf6 0-1

[Event "RUS-chT 9th"]
[Site "Ekaterinburg"]
[Date "2002.05.18"]
[Round "1"]
[White "Dmitriev, Igor"]
[Black "Babiy, Anatoly"]
[Result "1/2-1/2"]
[WhiteElo "2385"]
[BlackElo "2462"]
[PlyCount "107"]
[EventDate "2002.05.17"]

1. d4 Nf6 2. Nc3 d5 3. Bg5 Nbd7 4. e3 c6 5. Nf3 g6 6. Bd3 Bg7 7. h3 O-O 8. Bf4
Ne8 9. O-O Nd6 10. Re1 Nf6 11. a4 a5 12. Be5 Bf5 13. Nd2 Bxd3 14. cxd3 Qb6 15.
Nb3 Rad8 16. Qc2 Nd7 17. Bxg7 Kxg7 18. e4 dxe4 19. dxe4 Ne8 20. Rad1 Nc7 21.
Nc1 e5 22. N1e2 Ne6 23. d5 Nec5 24. Nc1 Rfe8 25. Qe2 Nf6 26. Rd2 cxd5 27. exd5
Qb4 28. Nd3 Nxd3 29. Qxd3 Rd6 30. Red1 Rb6 31. Qe3 Nd7 32. g3 Rc8 33. d6 Qc4
34. h4 h5 35. Qg5 Re8 36. Qe3 Re6 37. Ne4 Rb3 38. Nc3 Qb4 39. Qe2 Re8 40. Qb5
Qxb5 41. axb5 Rc8 42. Ra1 b6 43. Re1 f5 44. Ree2 Rc4 45. Kf1 a4 46. Kg2 Kf7 47.
Nb1 Ke6 48. Na3 Rc5 49. Nc2 Kf6 50. Na3 Rb4 51. f3 e4 52. fxe4 fxe4 53. Nb1 Ke5
54. Nc3 1/2-1/2

[Event "RUS-chT 9th"]
[Site "Ekaterinburg"]
[Date "2002.05.17"]
[Round "1"]
[White "Dolmatov, Sergey"]
[Black "Balashov, Yuri S"]
[Result "1/2-1/2"]
[WhiteElo "2586"]
[BlackElo "2533"]
[PlyCount "104"]
[EventDate "2002.05.17"]

1. e4 e5 2. Nf3 Nc6 3. Bb5 a6 4. Ba4 Nf6 5. O-O Be7 6. Re1 b5 7. Bb3 d6 8. c3
O-O 9. h3 Nb8 10. d4 Nbd7 11. Nbd2 Bb7 12. Bc2 Re8 13. Nf1 Bf8 14. Ng3 Nb6 15.
b3 h6 16. Bb2 c5 17. d5 Bc8 18. a4 bxa4 19. bxa4 Nc4 20. Bc1 Qc7 21. Qd3 Na5
22. c4 Rb8 23. Bd2 Bd7 24. Reb1 Rec8 25. Bd1 Be7 26. Nh2 Bd8 27. Nhf1 Nh7 28.
Ne3 Bg5 29. Ngf1 Bd8 30. Bg4 Bxg4 31. hxg4 g6 32. g3 Ng5 33. Kg2 Qe7 34. f3 Qe8
35. Qc2 Bc7 36. Bc3 Rxb1 37. Rxb1 Rb8 38. Rxb8 Qxb8 39. f4 Nh7 40. fxe5 dxe5
41. d6 Bd8 42. Qd2 Nb7 43. Bxe5 Nf6 44. Qb2 Nd7 45. Nd5 Nxe5 46. Qxe5 Qxd6 47.
Qe8+ Kg7 48. e5 Qe6 49. Qxe6 fxe6 50. Nf4 Kf7 51. Kf3 Ba5 52. Nd3 Bc3 1/2-1/2

[Event "RUS-chT 9th"]
[Site "Ekaterinburg"]
[Date "2002.05.17"]
[Round "1"]
[White "Fedorov, Alexei"]
[Black "Eliseev, Alexey"]
[Result "1/2-1/2"]
[WhiteElo "2598"]
[BlackElo "2513"]
[PlyCount "73"]
[EventDate "2002.05.17"]

1. e4 c6 2. d4 d5 3. e5 Na6 4. c3 Nc7 5. Bd3 g6 6. Ne2 h5 7. O-O Nh6 8. Nd2 Bf5
9. Nf3 Qd7 10. Ng3 Bxd3 11. Qxd3 Nf5 12. e6 Qxe6 13. Bf4 Qc8 14. Nxf5 gxf5 15.
Rfe1 Ne6 16. Be5 Rg8 17. h4 f6 18. Qxf5 fxe5 19. Nxe5 Ng5 20. Qxc8+ Rxc8 21.
hxg5 Rxg5 22. Re2 Bg7 23. Rae1 Bf6 24. g3 h4 25. Kg2 hxg3 26. fxg3 c5 27. dxc5
Rxc5 28. Kf3 Bxe5 29. Rxe5 Rxe5 30. Rxe5 Kf7 31. g4 Ra5 32. a3 Kf6 33. Rf5+ Kg6
34. c4 e6 35. Rh5 Rc5 36. cxd5 exd5 37. Ke3 1/2-1/2

[Event "RUS-chT 9th"]
[Site "Ekaterinburg"]
[Date "2002.05.17"]
[Round "1"]
[White "Kabanov, Nikolai"]
[Black "Ovetchkin, Roman"]
[Result "0-1"]
[WhiteElo "2454"]
[BlackElo "2515"]
[PlyCount "65"]
[EventDate "2002.05.17"]

1. e4 c6 2. d4 d5 3. e5 Bf5 4. Nc3 h5 5. Be2 e6 6. Bxh5 c5 7. Be2 cxd4 8. Nb5
Qa5+ 9. Kf1 Nc6 10. Nf3 d3 11. Bxd3 Bg4 12. Bd2 Qd8 13. Bf4 a6 14. Nc3 g5 15.
Bg3 Bg7 16. Qe1 Bxf3 17. gxf3 Qc7 18. Qd2 Bxe5 19. Qxg5 Nge7 20. Re1 Bxg3 21.
fxg3 O-O-O 22. Ne2 Kb8 23. f4 d4 24. Qg7 e5 25. fxe5 Nd5 26. Nf4 Ne3+ 27. Rxe3
dxe3 28. e6 Rdg8 29. Qxf7 Qe5 30. Ke2 Nd4+ 31. Kd1 Rg7 32. Ng6 e2+ 33. Ke1 0-1

[Event "RUS-chT 9th"]
[Site "Ekaterinburg"]
[Date "2002.05.17"]
[Round "1"]
[White "Klimov, Sergey"]
[Black "Galkin, Alexander"]
[Result "1/2-1/2"]
[WhiteElo "2431"]
[BlackElo "2569"]
[PlyCount "55"]
[EventDate "2002.05.17"]

1. d4 d5 2. c4 e6 3. Nf3 c6 4. Nbd2 f5 5. g3 Nf6 6. Bg2 Bd6 7. O-O O-O 8. Ne5
b6 9. Ndf3 Ne4 10. b3 Qe7 11. Nd3 Nd7 12. Nfe5 Bb7 13. Bf4 c5 14. cxd5 exd5 15.
Rc1 Nxe5 16. Bxe5 Rac8 17. Re1 c4 18. Bxd6 Qxd6 19. Ne5 b5 20. f3 Nf6 21. Qd2
Qa3 22. Bh3 g6 23. Qg5 Ne8 24. g4 f4 25. Nd7 Rf7 26. Ne5 Rf8 27. Nd7 Rf7 28.
Ne5 1/2-1/2

[Event "RUS-chT 9th"]
[Site "Ekaterinburg"]
[Date "2002.05.17"]
[Round "1"]
[White "Kosyrev, Vladimir"]
[Black "Nevostrujev, Vladimir"]
[Result "1/2-1/2"]
[WhiteElo "2543"]
[BlackElo "2473"]
[PlyCount "135"]
[EventDate "2002.05.17"]

1. d4 Nf6 2. c4 g6 3. Nc3 Bg7 4. e4 O-O 5. Nf3 d6 6. h3 Na6 7. Bg5 Qe8 8. g4 c5
9. Be3 cxd4 10. Nxd4 Nc5 11. Bg2 Bd7 12. O-O a6 13. b4 Na4 14. Nd5 Nxd5 15.
exd5 b5 16. cxb5 axb5 17. Qe2 e5 18. dxe6 fxe6 19. Bxa8 Qxa8 20. Rac1 h5 21.
Rc7 Qe8 22. Rfc1 Nb6 23. Rxd7 Nxd7 24. Qxb5 hxg4 25. Rc7 Bxd4 26. Bxd4 Ne5 27.
Qxe8 Nf3+ 28. Kg2 Rxe8 29. Bc3 Nh4+ 30. Kg3 Nf5+ 31. Kxg4 d5 32. b5 Nd6 33. b6
Rb8 34. Rc6 Nc4 35. Rxe6 Nxb6 36. Rxg6+ Kf7 37. Be5 Re8 38. Rf6+ Kg8 39. Rf5
Ra8 40. Bc7 Nd7 41. Kg3 Rxa2 42. Rxd5 Nf6 43. Rd4 Kf7 44. Kg2 Ke6 45. Bd8 Ke5
46. Bxf6+ Kxf6 47. Rd6+ Kg5 48. Kg3 Ra3+ 49. f3 Ra4 50. h4+ Kh5 51. Rd5+ Kh6
52. Rg5 Ra1 53. f4 Rg1+ 54. Kf3 Rh1 55. Kg4 Rg1+ 56. Kf5 Rh1 57. h5 Rd1 58. Rg8
Rd2 59. Re8 Rd1 60. Kf6 Rd6+ 61. Re6 Rd7 62. Re5 Rd4 63. f5 Kxh5 64. Kf7 Kh6
65. f6 Rd7+ 66. Re7 Rd8 67. Rb7 Kh7 68. Ke7 1/2-1/2

[Event "RUS-chT 9th"]
[Site "Ekaterinburg"]
[Date "2002.05.17"]
[Round "1"]
[White "Kupreichik, Viktor D"]
[Black "Korotylev, Alexey"]
[Result "0-1"]
[WhiteElo "2466"]
[BlackElo "2550"]
[PlyCount "102"]
[EventDate "2002.05.17"]

1. e4 c5 2. Nf3 Nc6 3. d4 cxd4 4. Nxd4 Nf6 5. Nc3 d6 6. Bc4 Qb6 7. Nb3 e6 8.
Bf4 Ne5 9. Be2 Bd7 10. Qd2 Be7 11. h4 O-O 12. O-O-O Rfc8 13. g4 Bc6 14. f3 Qc7
15. g5 Nfd7 16. Nd4 a6 17. Bxe5 Nxe5 18. f4 Nd7 19. g6 hxg6 20. h5 gxh5 21.
Bxh5 Bf6 22. Nxc6 Bxc3 23. Qxd6 Qxd6 24. Rxd6 Rc7 25. f5 Bf6 26. fxe6 fxe6 27.
Na5 Nc5 28. Bg6 Be5 29. Rdd1 b5 30. Rh5 Bf4+ 31. Kb1 Bh6 32. c3 Nd7 33. e5 Rf8
34. Rd6 Rf1+ 35. Kc2 b4 36. Rxa6 Rc1+ 37. Kb3 Nc5+ 38. Kxb4 Nxa6+ 39. Kb5 Nc5
40. b4 Nd7 41. c4 Re1 42. c5 Nxe5 43. Bc2 Bf4 44. Bb3 Nf3 45. Kb6 g5 46. c6 Rg7
47. Ka6 g4 48. Rf5 Bc7 49. Rf6 Nd4 50. Rf2 Bxa5 51. bxa5 Rc1 0-1

[Event "RUS-chT 9th"]
[Site "Ekaterinburg"]
[Date "2002.05.17"]
[Round "1"]
[White "Kurochkin, Victor"]
[Black "Nureev, Garun"]
[Result "1-0"]
[WhiteElo "2394"]
[BlackElo "2457"]
[PlyCount "79"]
[EventDate "2002.05.17"]

1. e4 d5 2. exd5 Nf6 3. d4 Nxd5 4. Nf3 g6 5. Be2 Bg7 6. O-O O-O 7. h3 Nc6 8. c4
Nb6 9. Be3 e5 10. d5 Ne7 11. Nc3 Nf5 12. Bg5 f6 13. Bc1 c5 14. dxc6 bxc6 15. c5
Nd5 16. Bc4 Nfe7 17. Qa4 Be6 18. Rd1 Qd7 19. Ne4 Kh8 20. Bd2 f5 21. Neg5 e4 22.
Nxe6 Qxe6 23. Bxd5 Nxd5 24. Nd4 Qf6 25. Nxc6 Rae8 26. Nb4 e3 27. Nxd5 exf2+ 28.
Kxf2 Qxb2 29. Rab1 Qe5 30. Bf4 Qe2+ 31. Kg1 Re4 32. Qa3 Rfe8 33. c6 Rd4 34. Qb3
Qe4 35. Bg3 Rc8 36. c7 Rc4 37. Qf3 Qc2 38. Bf4 Bd4+ 39. Kh1 Rc5 40. Rb8 1-0

[Event "RUS-chT 9th"]
[Site "Ekaterinburg"]
[Date "2002.05.17"]
[Round "1"]
[White "Lubashov, Alexei"]
[Black "Aseev, Konstantin N"]
[Result "1-0"]
[WhiteElo "2313"]
[BlackElo "2579"]
[PlyCount "75"]
[EventDate "2002.05.17"]

1. g3 d5 2. Bg2 c6 3. d3 e5 4. Nf3 Bd6 5. e4 Nf6 6. Nc3 O-O 7. O-O Nbd7 8. Nh4
Nb6 9. h3 g6 10. Bg5 Be7 11. Nf3 d4 12. Ne2 Nfd7 13. Bd2 a5 14. a4 f6 15. Qe1
c5 16. Bxa5 f5 17. exf5 gxf5 18. b4 Re8 19. Nd2 cxb4 20. Nc4 Bc5 21. Nc1 Qf6
22. Nxb6 Bxb6 23. Bxb4 e4 24. a5 Bc7 25. Nb3 Ra6 26. dxe4 f4 27. Qe2 Ne5 28.
gxf4 Qxf4 29. Nxd4 Nc6 30. Rfd1 Nxd4 31. Qc4+ Ne6 32. Kf1 Rc6 33. Qb3 Be5 34.
Ra3 Kh8 35. a6 bxa6 36. Qa4 Nd4 37. Rxd4 Bxd4 38. Be1 1-0

[Event "RUS-chT 9th"]
[Site "Ekaterinburg"]
[Date "2002.05.17"]
[Round "1"]
[White "Markov, Jurij"]
[Black "Volokitin, Andrei"]
[Result "1-0"]
[WhiteElo "2380"]
[BlackElo "2577"]
[PlyCount "71"]
[EventDate "2002.05.17"]

1. d4 Nf6 2. Nf3 g6 3. g3 Bg7 4. Bg2 O-O 5. O-O d6 6. a4 c5 7. dxc5 dxc5 8. a5
Nc6 9. Qxd8 Rxd8 10. c3 Nd5 11. e4 Nf6 12. Nbd2 Rb8 13. Re1 Ng4 14. Nc4 Be6 15.
Bf1 Rd7 16. h3 Bxc4 17. Bxc4 Nge5 18. Nxe5 Nxe5 19. Be2 b6 20. axb6 axb6 21.
Bf4 Rbd8 22. Ra6 Rd6 23. Rea1 h5 24. Ra7 R6d7 25. Rxd7 Rxd7 26. Ra8+ Kh7 27.
Rb8 Rd6 28. Rb7 Re6 29. Kf1 c4 30. Bxe5 Bxe5 31. Bxc4 Rf6 32. Kg2 Kg7 33. f4
Rc6 34. Rxe7 Rxc4 35. Rxe5 Kf6 36. Kf3 1-0

[Event "RUS-chT 9th"]
[Site "Ekaterinburg"]
[Date "2002.05.17"]
[Round "1"]
[White "Pevzner, Lev"]
[Black "Kurnosov, Igor"]
[Result "1/2-1/2"]
[WhiteElo "2260"]
[BlackElo "2419"]
[PlyCount "90"]
[EventDate "2002.05.17"]

1. c4 c5 2. Nf3 g6 3. d4 cxd4 4. Nxd4 Bg7 5. e4 Nc6 6. Be3 Nf6 7. Nc3 O-O 8.
Be2 b6 9. O-O Bb7 10. f3 e6 11. Nxc6 Bxc6 12. Qd2 Qe7 13. Bd4 Nh5 14. Bxg7 Nxg7
15. f4 f5 16. e5 g5 17. Nb5 h6 18. Nd6 Ne8 19. Bf3 Rd8 20. Bxc6 dxc6 21. Rad1
gxf4 22. Qxf4 Nxd6 23. exd6 Qg5 24. Qf3 c5 25. Rfe1 Qf6 26. a3 Rd7 27. Qc6 Rfd8
28. b4 cxb4 29. axb4 Kf7 30. c5 Qh4 31. Qf3 a5 32. Qb3 Qf6 33. cxb6 a4 34. Qxa4
Rxd6 35. Qa7+ Qe7 36. Rxd6 Rxd6 37. Rc1 Kf6 38. b7 Qd8 39. b8=Q Rd1+ 40. Rxd1
Qxd1+ 41. Kf2 Qd2+ 42. Kf3 Qd1+ 43. Kf2 Qd2+ 44. Kf1 Qd1+ 45. Kf2 Qd2+ 1/2-1/2

[Event "RUS-chT 9th"]
[Site "Ekaterinburg"]
[Date "2002.05.17"]
[Round "1"]
[White "Popov, Valerij"]
[Black "Selin, Vladimir"]
[Result "1-0"]
[WhiteElo "2575"]
[BlackElo "2232"]
[PlyCount "137"]
[EventDate "2002.05.17"]

1. d4 d6 2. Nf3 g6 3. c4 Bg7 4. Nc3 e5 5. dxe5 dxe5 6. Qxd8+ Kxd8 7. Bg5+ f6 8.
O-O-O+ Ke8 9. Bd2 Be6 10. e3 Nh6 11. h3 Nf7 12. g4 Nd7 13. Rg1 c6 14. Ne4 a5
15. Bc3 Ke7 16. Nfd2 Rhb8 17. Nb3 b6 18. h4 Rd8 19. Be2 Nf8 20. f4 Rxd1+ 21.
Rxd1 Rd8 22. Nbd2 c5 23. fxe5 fxe5 24. Rg1 Nd7 25. b3 Nf6 26. Nf2 Ra8 27. Nf3
Nd7 28. Ne4 Nd6 29. Nxd6 Kxd6 30. Ng5 Bg8 31. Rd1+ Ke7 32. Bf3 Rf8 33. Bc6 Nb8
34. Bd5 h6 35. Ne4 Bxd5 36. Rxd5 Rd8 37. Kd2 Nc6 38. Ke2 Ke6 39. Rxd8 Nxd8 40.
Be1 Nc6 41. Kf3 Bf8 42. Nc3 Ne7 43. h5 g5 44. Ke4 Nc8 45. Kd3 Be7 46. Bg3 Nd6
47. Ne4 Nxe4 48. Kxe4 Bd6 49. Be1 Bc7 50. Bc3 Bb8 51. Kd3 Bd6 52. Kc2 Bc7 53.
Kb2 Kd6 54. Ka3 Kc6 55. Ka4 Bb8 56. a3 Bd6 57. Bb2 Bc7 58. b4 axb4 59. axb4
cxb4 60. Kxb4 b5 61. cxb5+ Kd5 62. Ba3 Ke4 63. Kc5 Kxe3 64. Kc6 Ba5 65. Bb4 Bd8
66. Be7 Ba5 67. Bxg5+ Kf3 68. Bxh6 e4 69. Bc1 1-0

[Event "RUS-chT 9th"]
[Site "Ekaterinburg"]
[Date "2002.05.17"]
[Round "1"]
[White "Potapov, Alexander"]
[Black "Sorokin, Maxim"]
[Result "0-1"]
[WhiteElo "2498"]
[BlackElo "2531"]
[PlyCount "58"]
[EventDate "2002.05.17"]

1. d4 d5 2. c4 dxc4 3. Nf3 e6 4. e3 c5 5. Bxc4 a6 6. Bb3 Nf6 7. O-O b5 8. a4 b4
9. e4 cxd4 10. e5 Ne4 11. Qxd4 Qxd4 12. Nxd4 Bb7 13. Nd2 Nc5 14. Nc4 Nc6 15.
Nxc6 Nxb3 16. N6a5 Bd5 17. Rb1 Be4 18. Nxb3 Bxb1 19. Nb6 Rb8 20. Be3 Bc2 21.
Na5 f6 22. f4 Rd8 23. Nc6 Rd1 24. Rxd1 Bxd1 25. Bd4 fxe5 26. fxe5 Bc2 27. Nb8
Bd3 28. Nc8 Kd8 29. Nd6 Kc7 0-1

[Event "RUS-chT 9th"]
[Site "Ekaterinburg"]
[Date "2002.05.17"]
[Round "1"]
[White "Slizhevsky, Alexander"]
[Black "Alekseev, Evgeny"]
[Result "1/2-1/2"]
[WhiteElo "2285"]
[BlackElo "2567"]
[PlyCount "64"]
[EventDate "2002.05.17"]

1. e4 c5 2. Nf3 d6 3. d4 cxd4 4. Nxd4 Nf6 5. Nc3 Nc6 6. Bg5 e6 7. Qd2 a6 8.
O-O-O Bd7 9. f4 b5 10. Bxf6 gxf6 11. Nxc6 Bxc6 12. Qe1 Be7 13. Bd3 Qb6 14. Kb1
h5 15. Rd2 Qc5 16. Rf1 b4 17. Nd1 a5 18. Ne3 a4 19. f5 a3 20. b3 Qc3 21. Nd1
Qe5 22. Re2 Rb8 23. c3 bxc3 24. Qxc3 Qxc3 25. Nxc3 Kd7 26. Rc2 h4 27. Ne2 Rhc8
28. Nd4 Rb4 29. Nxc6 Rxc6 30. Rxc6 Kxc6 31. Rc1+ Kd7 32. Rc4 d5 1/2-1/2

[Event "RUS-chT 9th"]
[Site "Ekaterinburg"]
[Date "2002.05.17"]
[Round "1"]
[White "Somkin, Evgeni"]
[Black "Chekan, Andrey"]
[Result "1/2-1/2"]
[WhiteElo "2395"]
[BlackElo "2329"]
[PlyCount "81"]
[EventDate "2002.05.17"]

1. e4 c5 2. Nf3 Nc6 3. d4 cxd4 4. Nxd4 Nf6 5. Nc3 e5 6. Nxc6 bxc6 7. Bc4 Be7 8.
O-O O-O 9. f4 d6 10. Kh1 Rb8 11. fxe5 dxe5 12. Qe1 Rb4 13. b3 Qc7 14. Qg3 Kh8
15. Bg5 Rb8 16. Rad1 Nh5 17. Qh4 Bxg5 18. Qxh5 Bf6 19. Qf3 Qe7 20. Ne2 Be6 21.
Bxe6 Qxe6 22. Ng3 Rbd8 23. Nf5 Rxd1 24. Rxd1 Rd8 25. Ne3 g6 26. Nc4 Rxd1+ 27.
Qxd1 Kg7 28. h3 h5 29. Qd3 Qe7 30. g3 Bg5 31. Kg2 Qe6 32. Qc3 Bf6 33. Na5 Qd6
34. Nxc6 Qa3 35. Qa5 Qb2 36. Qc5 Qxa2 37. Nxa7 Qa1 38. Qe3 Qd1 39. Qd3 Qe1 40.
Nc6 h4 41. gxh4 1/2-1/2

[Event "RUS-chT 9th"]
[Site "Ekaterinburg"]
[Date "2002.05.18"]
[Round "1"]
[White "Tregubov, Pavel V"]
[Black "Lugovoi, Aleksei"]
[Result "1/2-1/2"]
[WhiteElo "2627"]
[BlackElo "2510"]
[PlyCount "147"]
[EventDate "2002.05.17"]

1. d4 Nf6 2. c4 e6 3. Nf3 d5 4. Nc3 c6 5. g3 dxc4 6. Ne5 Nbd7 7. Nxc4 b5 8. Nd2
Bb7 9. Bg2 Qb6 10. O-O c5 11. dxc5 Nxc5 12. Bxb7 Qxb7 13. Nb3 a6 14. Bg5 Ncd7
15. Rc1 Be7 16. Qd4 Rc8 17. Na5 Qa8 18. Ne4 O-O 19. Nd6 e5 20. Qd2 Bxd6 21.
Qxd6 Rce8 22. Qc6 Re6 23. Qxa8 Rxa8 24. Rfd1 h6 25. Be3 Nb6 26. Bxb6 Rxb6 27.
Rc6 Rxc6 28. Nxc6 e4 29. Rd6 Kf8 30. Nd4 Ne8 31. Rc6 Rd8 32. e3 Rd6 33. Rc8 g6
34. g4 Ke7 35. Kg2 Kd7 36. Ra8 Nc7 37. Rf8 Ke7 38. Rb8 Ne6 39. Rb7+ Kf6 40.
Nxe6 Kxe6 41. b3 g5 42. Kg3 Kf6 43. a4 bxa4 44. bxa4 Re6 45. Rc7 Kg6 46. Rc5 f6
47. h4 h5 48. gxh5+ Kxh5 49. hxg5 fxg5 50. a5 Rd6 51. Re5 Rc6 52. Rxe4 Rc5 53.
Ra4 Rf5 54. f3 Rb5 55. Ra2 Re5 56. e4 Rb5 57. Re2 Rxa5 58. e5 Rb5 59. e6 Rb8
60. e7 Re8 61. Re6 a5 62. f4 a4 63. f5 a3 64. Re1 Kh6 65. Kg4 a2 66. Rh1+ Kg7
67. Kxg5 Kf7 68. f6 Rb8 69. Kf5 Rb5+ 70. Kf4 Rb8 71. Ke5 Rh8 72. Re1 Ra8 73.
Ra1 Ra6 74. Kd5 1/2-1/2

[Event "RUS-chT 9th"]
[Site "Ekaterinburg"]
[Date "2002.05.18"]
[Round "1"]
[White "Vitiugov, Nikita"]
[Black "Poluljahov, Aleksandr"]
[Result "0-1"]
[WhiteElo "2408"]
[BlackElo "2533"]
[PlyCount "80"]
[EventDate "2002.05.17"]

1. d4 Nf6 2. c4 e6 3. Nf3 c5 4. d5 d6 5. Nc3 exd5 6. cxd5 g6 7. e4 a6 8. a4 Bg4
9. Be2 Bxf3 10. Bxf3 Nbd7 11. Bf4 Qe7 12. O-O Bg7 13. e5 dxe5 14. d6 Qe6 15.
Bxb7 Ra7 16. Bc6 O-O 17. Re1 Rb8 18. Qd2 Rb6 19. Bxd7 Nxd7 20. Rad1 Rab7 21.
Qd3 Bf8 22. Qf3 Rb8 23. Bc1 Rxd6 24. Rxd6 Bxd6 25. Qc6 Be7 26. Qxe6 fxe6 27.
Rd1 Rb7 28. Ne4 Nb6 29. b3 Nd5 30. Ba3 Rxb3 31. Bxc5 Nc3 32. Nxc3 Bxc5 33. Ne4
Be7 34. f3 Ra3 35. Rd7 Kf8 36. Rb7 Rxa4 37. Rb8+ Kf7 38. Rb7 Ke8 39. g4 a5 40.
g5 Rb4 0-1

[Event "RUS-chT 9th"]
[Site "Ekaterinburg"]
[Date "2002.05.17"]
[Round "1"]
[White "Yevseev, Denis"]
[Black "Volkov, Sergey"]
[Result "0-1"]
[WhiteElo "2548"]
[BlackElo "2609"]
[PlyCount "66"]
[EventDate "2002.05.17"]

1. d4 d5 2. c4 c6 3. Nc3 Nf6 4. e3 a6 5. Qc2 g6 6. Bd3 Bg7 7. Nf3 O-O 8. Bd2
Bg4 9. Ne5 Be6 10. cxd5 Nxd5 11. Ne4 Nd7 12. Nxd7 Bxd7 13. Nc5 Bc8 14. O-O e5
15. dxe5 Bxe5 16. f4 Bg7 17. e4 Bd4+ 18. Kh1 Nf6 19. Nb3 Bb6 20. f5 Ng4 21. Bf4
Bc7 22. Be2 Bxf4 23. Rxf4 Ne5 24. f6 Re8 25. Qc3 g5 26. Qg3 h6 27. h4 Ng6 28.
hxg5 Qd6 29. Raf1 Rxe4 30. Rxe4 Qxg3 31. Re8+ Kh7 32. Bf3 Rb8 33. Be4 Be6 0-1

[Event "RUS-chT 9th"]
[Site "Ekaterinburg"]
[Date "2002.05.18"]
[Round "2"]
[White "Babiy, Anatoly"]
[Black "Inarkiev, Ernesto"]
[Result "1/2-1/2"]
[WhiteElo "2462"]
[BlackElo "2489"]
[PlyCount "98"]
[EventDate "2002.05.17"]

1. d4 Nf6 2. Nf3 g6 3. Bf4 Bg7 4. e3 O-O 5. h3 c5 6. c3 b6 7. Be2 Bb7 8. O-O d6
9. Nbd2 Nbd7 10. a4 a6 11. Qb3 Qc7 12. Rfe1 Bc6 13. Bf1 Qb7 14. c4 d5 15. Ne5
dxc4 16. Ndxc4 Nd5 17. Nxd7 Qxd7 18. dxc5 Nxf4 19. exf4 bxc5 20. Ne5 Qc7 21.
Qa3 Bd5 22. Rac1 Rfc8 23. Re3 e6 24. Rec3 Qb7 25. a5 Bf8 26. Nc4 Rc6 27. Nb6
Rd8 28. Qa4 Rdd6 29. b3 h6 30. b4 cxb4 31. Qxb4 Rxc3 32. Qxc3 Rc6 33. Qd2 Bb4
34. Qe3 Rxc1 35. Qxc1 Bxa5 36. Nxd5 exd5 37. f5 g5 38. h4 Bd8 39. Qa3 Kg7 40.
hxg5 hxg5 41. Bxa6 Qb6 42. Bf1 Bf6 43. Qc1 Qb4 44. Qe3 Qb2 45. g3 Kh6 46. Be2
Bd4 47. Qf3 Bf6 48. Kf1 Qe5 49. Bd1 Kg7 1/2-1/2

[Event "RUS-chT 9th"]
[Site "Ekaterinburg"]
[Date "2002.05.18"]
[Round "2"]
[White "Baklan, Vladimir"]
[Black "Tolstikh, Nikolay"]
[Result "1-0"]
[WhiteElo "2618"]
[BlackElo "2480"]
[PlyCount "75"]
[EventDate "2002.05.17"]

1. e4 e5 2. Nf3 Nc6 3. d4 exd4 4. Nxd4 Nf6 5. Nxc6 bxc6 6. e5 Qe7 7. Qe2 Nd5 8.
c4 Ba6 9. h4 Nb6 10. b3 O-O-O 11. Bb2 f6 12. exf6 Qf7 13. Qf3 gxf6 14. Nc3 Bh6
15. Be2 Rhf8 16. O-O c5 17. Qf5 Qg6 18. Bd3 Bb7 19. Qxg6 hxg6 20. Bxg6 f5 21.
Rad1 Bg7 22. h5 d6 23. Rfe1 Be5 24. Na4 Bxb2 25. Nxb2 Nd7 26. Nd3 Rf6 27. f3 f4
28. Re7 Nf8 29. Rf7 Rxf7 30. Bxf7 Rd7 31. Bg6 Nxg6 32. hxg6 Rg7 33. Nxf4 Bc6
34. Re1 Bd7 35. g4 a5 36. Kf2 a4 37. Kg3 c6 38. Kh4 1-0

[Event "RUS-chT 9th"]
[Site "Ekaterinburg"]
[Date "2002.05.18"]
[Round "2"]
[White "Chekan, Andrey"]
[Black "Vitiugov, Nikita"]
[Result "0-1"]
[WhiteElo "2329"]
[BlackElo "2408"]
[PlyCount "154"]
[EventDate "2002.05.17"]

1. e4 c5 2. c3 d5 3. exd5 Qxd5 4. d4 Nf6 5. Nf3 e6 6. Na3 a6 7. Nc4 Nbd7 8. Bd3
b5 9. Ne3 Qc6 10. a4 b4 11. O-O bxc3 12. bxc3 Bb7 13. Re1 Be7 14. c4 O-O 15. d5
exd5 16. cxd5 Qc7 17. Bb2 Bd6 18. Qd2 Rfe8 19. Nf5 Bf4 20. Rxe8+ Rxe8 21. d6
Bxd2 22. dxc7 Bf4 23. Rb1 Bc8 24. Ba3 Bxc7 25. Rc1 g6 26. Ne3 Bd6 27. Nc4 Bf4
28. Rb1 Nd5 29. g3 Bc7 30. Rb3 N5b6 31. Nxb6 Bxb6 32. Bc4 Bc7 33. Rb1 Nb6 34.
Bb3 c4 35. Bd1 Bf5 36. Rc1 Bd3 37. Bc2 Rd8 38. Be7 Rd7 39. Bf6 Nd5 40. Bxd3
cxd3 41. Bd4 Bb6 42. Rc8+ Rd8 43. Rxd8+ Bxd8 44. Kf1 Ba5 45. Ne5 Bc3 46. Bxc3
Nxc3 47. Nxd3 Nxa4 48. Ke2 Kf8 49. Ke3 Ke7 50. Kd4 Kd6 51. Nb4 a5 52. Nd3 Nb6
53. Ne5 f6 54. Ng4 Nd7 55. f4 a4 56. Ne3 Nb6 57. Nc2 Ke6 58. Kc5 Nd7+ 59. Kc6
Nb8+ 60. Kc7 Kf5 61. Kd6 Kg4 62. Ke6 f5 63. Kf6 Kh3 64. Kg5 Nd7 65. Na3 Kxh2
66. g4 h6+ 67. Kh4 Nc5 68. Nc4 Ne6 69. gxf5 gxf5 70. Kh5 Nxf4+ 71. Kxh6 Ne6 72.
Kg6 f4 73. Kf5 f3 74. Nd2 f2 75. Ke4 Kg2 76. Kd3 f1=Q+ 77. Nxf1 Kxf1 0-1

[Event "RUS-chT 9th"]
[Site "Ekaterinburg"]
[Date "2002.05.18"]
[Round "2"]
[White "Eliseev, Alexey"]
[Black "Kurochkin, Victor"]
[Result "1-0"]
[WhiteElo "2513"]
[BlackElo "2415"]
[PlyCount "67"]
[EventDate "2002.05.17"]

1. d4 c5 2. d5 e5 3. e4 d6 4. Nc3 Be7 5. Nf3 Nf6 6. h3 O-O 7. g4 Nbd7 8. a4 a6
9. Bc4 Rb8 10. Qe2 Ne8 11. a5 Nc7 12. b3 Kh8 13. Bd2 Nf6 14. Bd3 Bd7 15. Nd1
Nb5 16. c3 Ng8 17. Ne3 Re8 18. Nc4 Bf8 19. Nb6 Re7 20. g5 f5 21. h4 fxe4 22.
Qxe4 g6 23. Nxd7 Qxd7 24. h5 gxh5 25. O-O-O Qe8 26. Rh4 b6 27. axb6 Rxb6 28.
Rdh1 Reb7 29. Rxh5 h6 30. Nh4 Qxh5 31. Ng6+ Qxg6 32. Qxg6 Na3 33. gxh6 Rxb3 34.
Kd1 1-0

[Event "RUS-chT 9th"]
[Site "Ekaterinburg"]
[Date "2002.05.18"]
[Round "2"]
[White "Filippov, Valerij"]
[Black "Tregubov, Pavel V"]
[Result "0-1"]
[WhiteElo "2612"]
[BlackElo "2627"]
[PlyCount "60"]
[EventDate "2002.05.17"]

1. Nf3 d5 2. d4 Nf6 3. c4 e6 4. g3 dxc4 5. Bg2 Nc6 6. Qa4 Bb4+ 7. Bd2 Bd6 8.
Qxc4 e5 9. dxe5 Nxe5 10. Nxe5 Bxe5 11. Bc3 Bxc3+ 12. Nxc3 O-O 13. Rd1 Qe7 14.
O-O Be6 15. Qa4 c6 16. e4 Rfd8 17. e5 Ng4 18. Rxd8+ Rxd8 19. Qxa7 Qb4 20. h3
Nxe5 21. a3 Qe7 22. f4 Nd3 23. b4 Bc4 24. Kh2 h5 25. Qa5 b5 26. h4 Rb8 27. Ne4
Bd5 28. Ng5 Qe2 29. Rg1 Ne1 30. Qc7 Re8 0-1